| 000 | 00905camaa2200253 4500 | ||
|---|---|---|---|
| 001 | 174077 | ||
| 003 | ES-MaACL | ||
| 005 | 20250829120104.0 | ||
| 008 | 100212s1938 cu b ||||0| spa d | ||
| 080 | _a913(729.3) | ||
| 080 | _a913(729.4) | ||
| 100 | 1 |
_aMartí, José, _d1853-1895 _977189 |
|
| 245 | 1 | 0 |
_aApuntes de un viaje / _cJosé Martí ; [introducción de M. Isidro Méndez]. |
| 260 |
_aLa Habana : _bSecretaría de Educación, Dirección de Cultura, _c1938. |
||
| 300 |
_a94 p. : _bmapas ; _c19 cm. |
||
| 490 | 1 |
_aCuadernos de cultura. Cuarta serie ; _v4 |
|
| 651 | 4 |
_aRepública Dominicana- _xDescripción. _9142154 |
|
| 651 | 4 |
_aHaití- _xDescripción. _9142155 |
|
| 700 | 1 |
_aMéndez, Manuel Isidro. _9142156 |
|
| 710 | 1 |
_aCuba. _bDirección General de Cultura. _9146958 |
|
| 830 | 1 |
_aCuadernos de cultura _v4 _9181245 |
|
| 852 | 1 |
_aBA _jC-57147 |
|
| 999 |
_c174077 _d174077 |
||